Programming and problem solving through C / (Record no. 179640)

000 -LEADER
fixed length control field 00638 a2200169 4500
003 - CONTROL NUMBER IDENTIFIER
control field Nust
005 - DATE AND TIME OF LATEST TRANSACTION
control field 20220818082426.0
020 ## - INTERNATIONAL STANDARD BOOK NUMBER
International Standard Book Number 8181472012
040 ## - CATALOGING SOURCE
Transcribing agency Nust
082 ## - DEWEY DECIMAL CLASSIFICATION NUMBER
Classification number 005.133,PRO
245 ## - TITLE STATEMENT
Title Programming and problem solving through C /
Statement of responsibility, etc. UPTEC Shaping the future
260 ## - PUBLICATION, DISTRIBUTION, ETC.
Place of publication, distribution, etc. india
Name of publisher, distributor, etc. Elsevier
Date of publication, distribution, etc. 2004
300 ## - PHYSICAL DESCRIPTION
Extent 340p
505 ## - FORMATTED CONTENTS NOTE
Formatted contents note Overview Of Programming (Page-3), Fundamentals Of Programming (Page-41), Advanced Programming Techniques (Page-99), Dynamic Data Structures (Page-173), File Handling In C (Page-253), C Preprocessor (Page-266).
650 ## - SUBJECT ADDED ENTRY--TOPICAL TERM
Topical term or geographic name entry element Problem solving through C
9 (RLIN) 97890
942 ## - ADDED ENTRY ELEMENTS (KOHA)
Source of classification or shelving scheme
Koha item type Book
Call number prefix 005.133,PRO
Holdings
Withdrawn status Lost status Source of classification or shelving scheme Damaged status Not for loan Permanent Location Current Location Shelving location Date acquired Full call number Barcode Date last seen Price effective from Koha item type Public note
          Military College of Signals (MCS) Military College of Signals (MCS) General Stacks 12/12/2016 005.133,PRO MCS31246 12/08/2016 12/12/2016 Book Almirah No.5, Shelf No.2
© 2023 Central Library, National University of Sciences and Technology. All Rights Reserved.